Music Quiz

Random Music or Artist Quiz

10 artists, 50 songs Quiz Stats

 Plays Quiz not verified by Sporcle

Challenge
Share
Tweet
Score 0/60 Timer 20:00
0 Plays Today
Time Artist - Title % Correct
Artist 1Green Day
98.7%
Artist 3Coldplay
94.1%
Artist 6Rihanna
92.8%
Artist 2Daft Punk
92.2%
0:50Get Lucky
91.5%
Artist 4Lorde
91.5%
4:50Umbrella
91.5%
Artist 9Bon Jovi
91.5%
0:00American Idiot
90.8%
1:40Clocks
90.2%
7:10Livin' on a Prayer
90.2%
0:10Boulevard of Broken Dreams
89.5%
2:10Viva La Vida
89.5%
2:30Royals
88.9%
2:20Yellow
86.9%
7:20You Give Love A Bad Name
86.9%
3:50One
85.6%
0;20Good Riddance (Time of Your Life)
84.3%
Artist 5Metallica
84.3%
Artist 7Kanye West
83%
3:20Enter Sandman
81%
1:50Fix You
78.4%
5:00Gold Digger
77.8%
0:30Holiday
71.9%
7:00It's My Life
71.2%
4:10Pon De Replay
70.6%
4:30Work
68.6%
1:30One More Time
65.4%
4:40Disturbia
65.4%
0:40When I Come Around
64.7%
Time Artist - Title % Correct
4:20Rude Boy
63.4%
5:30Stronger
62.1%
3:40Nothing Else Matters
61.4%
2:00Speed Of Sound
60.1%
1:00Around The World
57.5%
3:30Master of Puppets
52.9%
6:40Bad Medicine
49.7%
1:10Harder, Better, Faster, Stronger
49%
3:00Tennis Court
47.7%
4:00Unforgiven
47.1%
2:40Team
45.8%
6:50Blaze of Glory
39.9%
5:40Touch the Sky
28.1%
Artist 8The Wombats
25.5%
Artist 10Alt-J
24.8%
3:10Yellow Flicker Beat
21.6%
6:10Let's Dance to Joy Division
20.9%
7:40Breezeblocks
19.6%
5:20Runaway
18.3%
1:20Lose Yourself To Dance
17.6%
7:50Left Hand Free
17.6%
5:50Tokyo (Vampires and Wolves)
13.7%
6:20Moving to New York
13.1%
7:30Fitzpleasure
11.1%
8:00Tesselate
11.1%
2:50Glory and Gore
9.2%
5:10All Day
8.5%
6:00Greek Tragedy
6.5%
6:30Your Body is a Weapon
5.9%
8:10Hunger of the Pine
4.6%

You're not logged in!

Compare scores with friends on all Sporcle quizzes.
OR
Log In

You Might Also Like...

Show Comments

Extras

Top Quizzes Today


Score Distribution

Your Account Isn't Verified!

In order to create a playlist on Sporcle, you need to verify the email address you used during registration. Go to your Sporcle Settings to finish the process.

Report this User

Report this user for behavior that violates our Community Guidelines.

Details: